00387nam a2200145 a 4500008004100000050001700041100002000058245003800078250001200116260004400128300001300172350000900185650000800194650003900202120416s1967 ||||||||||||||||| || u aKB 63.A7 Tom aTomson, Bernard10aArchitectural and engineering law a2nd ed. aNew YorkbReinhold Pub. Coc1951 [1967] ax, 382p. a0.00 aLAW aARCHITECTURAL AND ENGINEERING--LAW